000 00413nam a22001697a 4500
003 OSt
005 20211027102829.0
008 211027b |||||||| |||| 00| 0 eng d
020 _a0669953423
040 _cHU
082 _a500
100 _aScience Dimensions
_915791
245 _aScience Dimensions
260 _aD.C .Heath Canada Ltd.
_bHEATH
_c1993
300 _aV.442P.II
_bHC
_c28
942 _2ddc
_cBOOKS
_n0
999 _c15228
_d15228